000 00767cam a22002178i 4500
999 _c57392
_d57392
001 18780754
005 20221105220349.0
008 150910t20162016nyua b 001 0 eng
020 _a9780071849081 1
041 _aeng
080 _a618.1 W-69
245 0 0 _aWilliams gynecology : STUDY GUIDE /
_c[edited by] Barbara L. Hoffman, MD [and 5 others].
250 _aThird edition.
264 4 _c2016.
_aNew York :
_bMcGraw-Hill Education,
300 _a1270 pages :
_billustrations (some color) ;
_c29 cm.
653 _aგენიტალური დაავადებები
653 _aგინეკოლოგია
653 _aმედიცინა
700 1 _aHoffman, Barbara L.,
_eრედაქტორი
_98419
942 _2udc
_cBK